00972nam a22002297a 45000010005000000030006000050050017000110080041000280200018000690400029000870500008001161000019001242450102001432600034002453000048002794900025003275050008003525200302003605210029006625210020006917000031007117140FISKH20250625163241.0250625b cb ||||| |||| 00| 0 eng d a9788956355191 aFISKHbengcFISKHdFISKH aPZ7 aSormark, Julie aA grain as big as hen's egg / cRetold by Julie Sormark : through the art style of george Seurat  aSeoul : be-future , c2010 . a35 pages : bcolor illustrations ;c23 cm . 3Art classic stories  aJ  a"A Grain as Big as a Hen's Egg" is a thought-provoking tale by Leo Tolstoy that explores the themes of self-sufficiency and communal living reminiscent of early socialism. The story unfolds with children discovering an unusually large grain, the size of a hen's egg, which they sell to a traveler.8 a500 bLexile estimate 8 aJ bRaz-Plus  aOh, YoungeuneIllustrator